| 000 | 00903cam a2200241 i 4500 | ||
|---|---|---|---|
| 003 | SA-RiAUC | ||
| 005 | 20250512084840.0 | ||
| 008 | 250512s1971 le g 000 0 ara c | ||
| 040 |
_aSA-RiSAMA _bara _cSA-RiAUC _erda |
||
| 043 | _aa-su--- | ||
| 082 | 0 | 4 | _a071.5312 |
| 090 |
_a071.5312 _b ش ا م |
||
| 100 | 1 |
_aالشامخ، محمد عبد الرحمن، _d1351 هجري- _eمؤلف. |
|
| 245 | 1 | 2 |
_aالصحافة في الحجاز : _bدراسات ونصوص / _cتأليف محمد عبد الرحمن الشامخ. |
| 264 | 1 |
_aبيروت : _bدار الأمانة، _c1971 |
|
| 300 |
_a231 صفحة ؛ _c24 سم |
||
| 336 |
_aنص _btxt _2rdacontent _3كتاب |
||
| 337 |
_aبدون وسيط _bn _2rdamedia |
||
| 338 |
_aمجلد _bnc _2rdacarrier |
||
| 650 | 7 |
_aالصحافة _zالسعودية _zالحجاز _2aucsh |
|
| 942 |
_2ddc _cBOOK _n0 |
||
| 949 |
_aSA-JeALM _d250512 _umohamedma123 _n1 |
||
| 999 |
_c7851 _d7851 |
||